[Event "NOR-chT 1819"]
[Site "Norway"]
[Date "2018.11.03"]
[Round "2.1"]
[White "Christiansen, Johan Sebastian"]
[Black "Stokke, Kjetil"]
[Result "1-0"]
[WhiteElo "2544"]
[BlackElo "2332"]
[PlyCount "103"]
[EventDate "2018.11.02"]
[EventType "team-tourn"]
[EventRounds "9"]
[EventCountry "NOR"]
[SourceTitle "CBM 188 Extra"]
[Source "ChessBase"]
[SourceDate "2019.02.26"]
[SourceVersion "1"]
[SourceVersionDate "2019.02.26"]
[SourceQuality "1"]
[WhiteTeam "Valerenga"]
[BlackTeam "Bergens"]
[WhiteTeamCountry "NOR"]
[BlackTeamCountry "NOR"]

1. e4 c5 2. Nf3 g6 3. c3 d5 4. exd5 Qxd5 5. d4 Bg7 6. Nbd2 Nf6 7. Bc4 Qd6 8. Ng5 0-0 9. Qb3 e6 10. Nde4 Nxe4 11. Nxe4 Qc6 12. d5 exd5 13. Bxd5 Qc7 14. Be3 Nd7 15. Rd1 Rb8 16. 0-0 b6 17. Nd6 Ne5 18. Rfe1 c4 19. Nxc4 Ng4 20. Nd6 Be5 21. Nxf7 Bxh2+ 22. Kh1 Nxe3 23. Rxe3 Bf4 24. Rf3 Kg7 25. Qb4 g5 26. Nxg5 Bg4 27. Ne6+ Bxe6 28. Bxe6 Rbe8 29. Bh3 Kh8 30. Qd4+ Be5 31. Rxf8+ Rxf8 32. Qe3 Bf4 33. Qe4 Qe5 34. Qc2 Re8 35. g3 Bh6 36. Rd7 Re7 37. Rxe7 Qxe7 38. Bf5 Bg5 39. Kg2 h6 40. Qd3 Kg7 41. Bg4 Qd8 42. Qc4 Qd6 43. Bh5 Qd7 44. Qe4 Qd6 45. a3 a5 46. Bf3 Bc1 47. Qb7+ Kf6 48. Bd5 Ke5 49. f4+ Bxf4 50. gxf4+ Kxf4 51. Qc6 Qe5 52. Qxh6+ 1-0

[Event "Bangkok Cha Am op 18th"]
[Site "Bangkog"]
[Date "2018.04.19"]
[Round "7"]
[White "Neelotpal, Das"]
[Black "Stokke, Kjetil"]
[Result "1-0"]
[WhiteElo "2468"]
[BlackElo "2335"]
[PlyCount "59"]
[EventDate "2018.04.13"]
[EventType "swiss"]
[EventRounds "9"]
[EventCountry "THA"]
[SourceTitle "CBM 184 Extra"]
[Source "ChessBase"]
[SourceDate "2018.06.28"]
[SourceVersion "1"]
[SourceVersionDate "2018.06.28"]
[SourceQuality "1"]

1. Nf3 g6 2. d4 Bg7 3. e4 d6 4. Nc3 Nf6 5. Be2 0-0 6. 0-0 Bg4 7. Be3 Nfd7 8. a4 a5 9. Qd2 Nc6 10. Rad1 e5 11. dxe5 Ndxe5 12. Nxe5 Nxe5 13. f3 Be6 14. Bh6 Bxh6 15. Qxh6 f5 16. exf5 Bxf5 17. Qd2 Be6 18. f4 Nd7 19. Ne4 Nc5 20. Nxc5 dxc5 21. Qe3 Qf6 22. Qxc5 Qxb2 23. Rb1 Rf5 24. Qe3 Qa2 25. Rxb7 Bd5 26. Rxc7 Qxa4 27. c4 Qc2 28. Qd4 Bf7 29. Bd3 Qd2 30. g4 1-0

[Event "Bangkok Cha Am op 18th"]
[Site "Bangkog"]
[Date "2018.04.17"]
[Round "5"]
[White "Stokke, Kjetil"]
[Black "Laine, Panu"]
[Result "1-0"]
[WhiteElo "2335"]
[BlackElo "2096"]
[PlyCount "41"]
[EventDate "2018.04.13"]
[EventType "swiss"]
[EventRounds "9"]
[EventCountry "THA"]
[SourceTitle "CBM 184 Extra"]
[Source "ChessBase"]
[SourceDate "2018.06.28"]
[SourceVersion "1"]
[SourceVersionDate "2018.06.28"]
[SourceQuality "1"]

1. d4 d5 2. c4 e6 3. Nf3 Nf6 4. g3 dxc4 5. Bg2 a6 6. Ne5 Bb4+ 7. Nc3 0-0 8. 0-0 Nc6 9. Nxc6 bxc6 10. Qa4 Rb8 11. Rd1 Nd5 12. Qc2 a5 13. Na4 Ba6 14. e4 Nb6 15. Nc5 Bxc5 16. dxc5 Nd7 17. Qc3 Qc8 18. Be3 Re8 19. e5 Rb4 20. Bxc6 Rd8 21. Bg5 1-0